Statistics for Elements With The Highest Electronegativity

Click here to take the quiz!

General Stats

  • This quiz has been taken 24 times
  • The average score is 9 of 14

Answer Stats

ElectronegativityElement% Correct
3.04Nitrogen
89%
3.44Oxygen
89%
2.96Bromine
83%
3.16Chlorine
83%
3.98Fluorine
83%
2.2 (tie)Iridium, Palladium, Hydrogen, Osmium & Ruthenium
83%
2.58Sulfur
83%
2.66Iodine
78%
2.55 (tie)Selenium & Carbon
78%
2.54Gold
56%
2.28 (tie)Platinum & Rhodium
50%
2.6Xenon
33%
2.36Tungsten
28%
3Krypton
22%

Score Distribution

Percentile by Number Answered

Percent of People with Each Score

Your Score History

You have not taken this quiz